5 villes 1 pays - Statistiques

Statistiques générales
  • Ce quiz a été pris 794 fois
  • Le résultat moyen est 16 sur 20
Statistiques - réponses
Ville 1 Ville 2 Ville 3 Ville 4 Ville 5 Réponse % Correct
Albuquerque Jacksonville Omaha Providence Sacramento États-Unis
93%
Laon Chartres Nevers Valence Mulhouse France
92%
Tijuana Chihuahua Cancún Mazatlán Monterrey Mexique
91%
Calgary Winnipeg Trois-Rivières Gillam Vancouver Canada
90%
Tianjin Qingdao Kunming Wuhan Dalian Chine
89%
Ségovie Gijón La Corogne Gérone Alicante Espagne
89%
Fès Ouarzazate Oujda Tétouan Safi Maroc
84%
Manaus Porto Alegre Natal Santos Belo Horizonte Brésil
83%
Adélaïde Darwin Port Douglas Halls Creek Brisbane Australie
82%
Plock Szczecin Wroclaw Kielce Rzeszów Pologne
82%
Essen Brunswick Osnabrück Dresde Baden-Baden Allemagne
81%
Tioumen Iekaterinbourg Volgograd Kazan Novossibirsk Russie
81%
Thessalonique Héraklion Larissa Patras Trikala Grèce
80%
La Haye Kaatsheuvel Arnhem Zwolle Alkmaar Pays-Bas
80%
Mons Spa Namur Courtrai Mouscron Belgique
78%
Bloemfontein Pretoria Durban Port Elizabeth Pietersburg Afrique du Sud
76%
Pune Jaipur Chennai Pondichéry Hyderabad Inde
73%
Aksaray Alanya Trabzon Erzurum Gaziantep Turquie
70%
Yverdon-les-Bains Olten Lugano Wil Porrentruy Suisse
69%
Córdoba Salta Mendoza Tigre Mar del Plata Argentine
66%
Aucun quiz correspondant
Distribution des résultats
% des personnes avec chaque résultat
Percentile par nombre de réponses
Votre historique - résultats
Vous n’avez pas pris ce quiz